Kokology : (Record no. 368456)
[ view plain ]
| 000 -LEADER | |
|---|---|
| fixed length control field | 00855nam a22002177a 4500 |
| 003 - CONTROL NUMBER IDENTIFIER | |
| control field | 0 |
| 005 - DATE AND TIME OF LATEST TRANSACTION | |
| control field | 20251104133033.0 |
| 008 - FIXED-LENGTH DATA ELEMENTS--GENERAL INFORMATION | |
| fixed length control field | 251104b xxu||||| |||| 00| 0 eng d |
| 020 ## - INTERNATIONAL STANDARD BOOK NUMBER | |
| International Standard Book Number | 978-0-684-87148-6 |
| 050 ## - LIBRARY OF CONGRESS CALL NUMBER | |
| Classification number | BF 698.5 |
| Item number | .N34 2001 |
| 100 ## - MAIN ENTRY--PERSONAL NAME | |
| Personal name | Nagao, Tadahiko, |
| Relator term | author. |
| 245 ## - TITLE STATEMENT | |
| Title | Kokology : |
| Remainder of title | the game of self-discovery / |
| Statement of responsibility, etc | Tadahiko Nagao and Isamu Saito. |
| 260 ## - PUBLICATION, DISTRIBUTION, ETC. (IMPRINT) | |
| Place of publication, distribution, etc | New York : |
| Name of publisher, distributor, etc | A Fireside Book, Simon & Schuster, |
| Date of publication, distribution, etc | 2000. |
| 300 ## - PHYSICAL DESCRIPTION | |
| Extent | 174 page : |
| Other physical details | illustrations, |
| Dimensions | 18 cm. |
| 520 ## - SUMMARY, ETC. | |
| Summary, etc | A collection of psychological games and quizzes that reveal personality traits and insights about how people think, feel, and behave. |
| 650 ## - SUBJECT ADDED ENTRY--TOPICAL TERM | |
| Topical term or geographic name as entry element | Personality tests |
| Form subdivision | Miscellanea. |
| 650 ## - SUBJECT ADDED ENTRY--TOPICAL TERM | |
| Topical term or geographic name as entry element | Self-perception. |
| General subdivision | Testing |
| Form subdivision | Miscellanea. |
| 650 ## - SUBJECT ADDED ENTRY--TOPICAL TERM | |
| Topical term or geographic name as entry element | Parapsychology |
| General subdivision | Testing |
| Form subdivision | Miscellanea. |
| 700 ## - ADDED ENTRY--PERSONAL NAME | |
| Personal name | Saito, Isamu, |
| Relator term | author. |
| 942 ## - ADDED ENTRY ELEMENTS (KOHA) | |
| Source of classification or shelving scheme | Library of Congress Classification |
| Koha item type | Books |
| Withdrawn status | Lost status | Source of classification or shelving scheme | Damaged status | Home library | Current library | Shelving location | Date acquired | Source of acquisition | Sub Shelving location | Total Checkouts | Full call number | Barcode | Checked out | Date last seen | Date checked out | Price effective from | Koha item type |
|---|---|---|---|---|---|---|---|---|---|---|---|---|---|---|---|---|---|
| Library of Congress Classification | Luxembourg Library | Luxembourg Library | High School Section | 11/19/2024 | Library Fund | 1 | BF 698.5 .N34 2001 | 21484 | 06/15/2026 | 01/07/2026 | 01/07/2026 | 11/04/2025 | Books |